000 00761nam a22002537a 4500
003 UA-OsUOA
001 28061
007 ta
008 20040922b un ||||| |||| 00| 0 ukr d
100 _aКаушанская В.Л.
090 _a81'36.111
_bГ76
942 _cBK
040 _aUA-OsUOA
_brus
_cUA-OsUOA
_dUA-OsUOA
245 _aГрамматика английского языка: морфология
_bУчебное пособие
300 _a214 с.
955 _a2
041 _arus
080 _a81'36.111
260 _aКиев
_c1997
044 _aRU
250 _n6-е издание
650 7 _a8 Мовознавство. Художня література. Літературознавство
_2UDC
999 _c314417
_d314417